Diccionario de gobierno y legislación de Indias / edición y estudios, Marta Milagros del Vas Mingo. / (Registro nro. 39363)
[ vista simple ]
| 000 -CABECERA | |
|---|---|
| campo de control de longitud fija | 00735nam a2200181 a 4500 |
| 001 - NÚMERO DE CONTROL | |
| campo de control | 000039873 |
| 005 - FECHA Y HORA DE LA ÚLTIMA TRANSACCIÓN | |
| campo de control | 20201002033801.0 |
| 008 - DATOS DE LONGITUD FIJA--INFORMACIÓN GENERAL | |
| campo de control de longitud fija | 130725s1995 sp 001 0 spa d |
| 020 ## - NÚMERO INTERNACIONAL ESTÁNDAR DEL LIBRO | |
| Número Internacional Estándar del Libro | 8472324494 |
| 040 ## - FUENTE DE LA CATALOGACIÓN | |
| Centro catalogador/agencia de origen | DO-SdBNP |
| 100 1# - ENTRADA PRINCIPAL--NOMBRE DE PERSONA | |
| Nombre de persona | Ayala, Manuel Josef de, |
| Fechas asociadas al nombre | 1728-1805 |
| 9 (RLIN) | 66083 |
| 245 10 - MENCIÓN DE TÍTULO | |
| Título | Diccionario de gobierno y legislación de Indias / edición y estudios, Marta Milagros del Vas Mingo. / |
| Mención de responsabilidad, etc. | por Manuel Josef de Ayala ; edición y estudios, Marta Milagros del Vas Mingo. |
| 260 ## - PUBLICACIÓN, DISTRIBUCIÓN, ETC. | |
| Lugar de publicación, distribución, etc. | Madrid : |
| Nombre del editor, distribuidor, etc. | Instituto de Cooperación Iberoamericana : |
| -- | Ediciones de Cultura Hispánica, |
| Fecha de publicación, distribución, etc. | 1995. |
| 300 ## - DESCRIPCIÓN FÍSICA | |
| Extensión | v. ; |
| Dimensiones | 26 cm. |
| 500 ## - NOTA GENERAL | |
| Nota general | Incluye índice |
| 505 0# - NOTA DE CONTENIDO CON FORMATO | |
| Nota de contenido con formato | v.12 |
| Título | De prelado a Sital |
| 700 1# - PUNTO DE ACCESO ADICIONAL--NOMBRE DE PERSONA | |
| Nombre de persona | Vas Mingo, Marta Milagros del. |
| 9 (RLIN) | 66084 |
| Estado de retiro | Estado de pérdida | Restricciones de uso | No para préstamo | Código de colección | Localización permanente | Ubicación/localización actual | Ubicación en estantería | Fecha de adquisición | Número de inventario | Total de préstamos | Signatura topográfica completa | Código de barras | Fecha visto por última vez | Precio válido a partir de | Tipo de ítem Koha |
|---|---|---|---|---|---|---|---|---|---|---|---|---|---|---|---|
| Excluido de préstamo | Monografías: Libros y Folletos | General | General | Depósito | 25.07.2013 | LF1 | v. 12 | 39873-10 | 25.06.2020 | 25.06.2020 | No se presta | ||||
| Excluido de préstamo | Monografías: Libros y Folletos | General | General | Depósito | 02.10.2013 | LF1 | v. 10 | 39873-20 | 25.06.2020 | 25.06.2020 | No se presta |
